00865cam a22002777a 4500003000500000005001700005008004100022010001000063011001000073020001500083035001000098040000900108082001600117100002100133245013100154260006400285300003100349490004500380650001700425650001700442650002600459650001300485700002100498700002300519830004500542CHAP20220329142337.0000821d1999 us a r 00110 eng d a82064 a83036 a0306460483 a93544 cCHAP04a574.191bA700aArinc, Emeleed.10aMolecular and applied aspects of oxidative drug metabolizing enzimesc/ed. by Emel Arinc, John B. Schenkman and Ernest Hodgson aNew York, N.Y. :bKluwer Academic/Plenum Publishers,c1999. a294 p. :bilus. ; gráfs. 0aNATO ASI Series A : Life sciencesvv.30314aBiofísica.14aCitología.14aDinámica molecular.14aEnzimas.0 aHodgson, Ernest.0 aSchenkman, John B.0 aNATO ASI Series A : Life sciencesvv.303